| 000 | 01087 a2200265 4500 | ||
|---|---|---|---|
| 999 |
_c160219 _d26470 |
||
| 001 | 160219 | ||
| 003 | TR-AnTOB | ||
| 005 | 20230811154046.0 | ||
| 008 | 071010s2003 tu 00000 tur | ||
| 040 |
_aTOBB ETÜ _beng _cTR-AnTOB _erda |
||
| 041 | _atur | ||
| 050 | 1 |
_aHD2056.7 _b.D89 2002 TOBBK |
|
| 090 | _aHD2056.7 .D89 2002 TOBBK | ||
| 245 | 0 |
_aDüzce ili tarım master planı : _bİl tarım ve kırsal kalkınma master planlarının hazırlanmasına destek projesi / _cT. C. Tarım ve Köyişleri Bakanlığı Araştırma Planlama ve Koordinasyon Kurulu Başkanlığı Düzce Tarım İl Müdürlüğü Düzce Tarımsal Master Plan Hazırlama Ekibi İhsan Arslan...[ve başkl.]. |
|
| 264 | 1 |
_a[Düzce]: _bTarım ve Köy İşleri Bakanlığı Düzce Tarım İl Müdürlüğü, _c2002. |
|
| 300 |
_a95 s.: _bhrt.,tabl.; _c29 cm. |
||
| 650 | 0 |
_aTarım ve devlet _zTürkiye _zDüzce _966459 |
|
| 650 | 0 |
_aAgriculture and state _zTurkey _zDüzce _966460 |
|
| 700 | 1 |
_aArslan, İhsan _966456 |
|
| 700 | 1 |
_aYavuz, Recep _966457 |
|
| 901 | _aT000395 | ||
| 902 | _aMÇ | ||
| 942 |
_cBK _2lcc |
||